000 00666nam a2200205 a 4500
001 000041909
005 20251120073733.0
008 131021s1985 dr a r 000 0 spa d
040 _aDO-SdBNP
_bspa
_cBNPHU
082 _axxxx
_bF316p
100 1 _aFeliz Alcantara, Osmundo
_968800
245 1 0 _aPsicología :
_bsu aplicación a la vida /
_cOsmundo Feliz Alcantara.
260 _aSantiago, República Dominicana :
_bUCMM,
_c1985.
300 _a454 p. :
_bil. ;
_c22 cm.
490 1 _aTextos
504 _aBibliografía : p. 451-454
590 _aInventariado, 2019/BT
710 2 _aPontificia Universidad Católica Madre y Maestra
_9843
830 0 _aTextos
_914460
999 _c41398
_d41398